000 01127cam a22003134a 4500
001 13473
003 036784
005 20260205083911.0
008 031203s2005 njua 001 0 eng
010 _a 2003026478
020 _a0131426338
_qpbk.
020 _a9780131426337
_qcase
035 _a13422853
040 _aDLC
_cDLC
_dDLC
_dBSULIB
042 _apcc
050 0 0 _aQH308.2
_b.K76 2005
082 0 0 _a570
_222
_bKRO
100 1 _aKrogh, David,
_d1949-
_926270
245 1 0 _aBiology :
_ba guide to the natural world /
_cDavid Krogh.
250 _a2nd ed.
260 _aUpper Saddle River, N.J. :
_bPearson Education, Inc.,
_cc2004.
300 _axxxv,403p.:
_bcol. ill. ;
_c27 cm.
_e1 CD-ROM (4 3/4 in.)
650 0 _aBiology.
_96614
856 4 1 _3Table of contents
_uhttp://www.loc.gov/catdir/toc/ecip0411/2003026478.html
906 _a7
_bcbc
_corignew
_d1
_eecip
_f20
_gy-gencatlg
942 _2ddc
_cBK
999 _c13473
_d13473